| 000 | 00485cam a22001571 4500 | ||
|---|---|---|---|
| 082 |
_a621.381533 _bBLO _cL-11 P-60 |
||
| 100 | 1 |
_aSchure, Alexander, _941545 |
|
| 245 | 1 | 0 | _aBlocking oscillators. |
| 260 |
_aNew York, _bJ. F. Rider _c[1956] |
||
| 300 |
_a64p. _billus. _c22cm. |
||
| 490 | 0 | _aA Rider publication, no. 166-10. Electronic technology series | |
| 526 |
_a0 _b0 _c0 _d621_381533000000000_BLO |
||
| 650 | 0 |
_aMCE _9379 |
|
| 650 | 0 |
_aOscillators, Electric _941687 |
|
| 942 |
_2ddc _cBK |
||
| 999 |
_c545728 _d545728 |
||